00890nam a2200241Ia 45000010006000000050017000060070003000230080041000260400025000670410008000920820025001001000026001252450063001512500014002142600052002283000019002806530030002996530014003299420012003439520138003559520138004939990017006313045420240114001447.0ta060720s1994 g b000 u 346 u aCotton College,Assam a346 a891.44308bGh 346 Up aGhosh, Gourikishore . 0aUpanyas Sangraha /cGourikishore Ghosh.hTextual Documents a1st ed. / aCalcutta :bAnanda Publishers Pvt. Ltd ,c1994. a501p. ;c22cm. aBengali Novel-Collections aG-Bengali 2ddccBK 001040708Circulation (G)aSKBLbSKBLd2012-02-01f00000l0o891.44308 Gh 346 Upp1921/Bengr2024-01-14 00:00:00t2w2012-02-01yBK 001040708Circulation (G)aSKBLbSKBLd2012-02-01f00000l0o891.44308 Gh 346 Upp1238/Bengr2024-01-14 00:00:00t1w2012-02-01yBK c30436d30436